The economic benefit of appropriate education in hydrography (Record no. 116198)
[ view plain ]
| 000 -LEADER | |
|---|---|
| fixed length control field | 01650cad a22002775a 4500 |
| 001 - CONTROL NUMBER | |
| control field | L160081 |
| 008 - FIXED-LENGTH DATA ELEMENTS--GENERAL INFORMATION | |
| fixed length control field | 120529s2010 xxk g 000 0 eng d |
| 035 ## - SYSTEM CONTROL NUMBER | |
| System control number | (Sirsi) u160081 |
| 041 0# - LANGUAGE CODE | |
| Language code of text/sound track or separate title | eng |
| 110 ## - MAIN ENTRY--CORPORATE NAME | |
| Corporate name or jurisdiction name as entry element | Federation International Des Geometres |
| 111 2# - MAIN ENTRY--MEETING NAME | |
| Meeting name or jurisdiction name as entry element | FIG Working Week 2010 |
| Number [OBSOLETE] | Sydney, Australia |
| Location of meeting | 11-16 April 2010 |
| 245 04 - TITLE STATEMENT | |
| Title | The economic benefit of appropriate education in hydrography |
| Medium | [electronic resource] |
| 260 ## - PUBLICATION, DISTRIBUTION, ETC. | |
| Place of publication, distribution, etc. | Sydney |
| Name of publisher, distributor, etc. | FIG |
| Date of publication, distribution, etc. | 2010 |
| 520 ## - SUMMARY, ETC. | |
| Summary, etc. | The collection, processing and analysis of hydrographic data are highly technical processes requiring specialized training and education. Competent hydrographers must be both well trained and well educated. Traditionally, training and education have been dealt with separately. Vendors of modern hydrographic instruments and software are in an excellent position to help combine the two. The concept of collaboration between hydrographic organization, hardware and software vendors, and academia can lead to the development of education/training modules that would benefit all in the industry. |
| 650 24 - SUBJECT ADDED ENTRY--TOPICAL TERM | |
| Topical term or geographic name entry element | HYDROGRAPHY |
| 9 (RLIN) | 6245 |
| 650 24 - SUBJECT ADDED ENTRY--TOPICAL TERM | |
| Topical term or geographic name entry element | CAREERS, EDUCATION AND TRAINING |
| 651 #4 - SUBJECT ADDED ENTRY--GEOGRAPHIC NAME | |
| Geographic name | United Kingdom |
| 651 #4 - SUBJECT ADDED ENTRY--GEOGRAPHIC NAME | |
| Geographic name | Canada |
| 690 ## - LOCAL SUBJECT ADDED ENTRY--TOPICAL TERM (OCLC, RLIN) | |
| Topical term or geographic name as entry element | TRAINING AND EDUCATION |
| 700 1# - ADDED ENTRY--PERSONAL NAME | |
| Personal name | Dodd, David |
| 700 1# - ADDED ENTRY--PERSONAL NAME | |
| Personal name | Johnston, G. |
| 700 1# - ADDED ENTRY--PERSONAL NAME | |
| Personal name | Hoggarth, Andrew |
| 856 40 - ELECTRONIC LOCATION AND ACCESS | |
| Uniform Resource Identifier | <a href="https://www.rics.org/Global/Downloads/The_Economic_Benefits_of_Hydrography.pdf">https://www.rics.org/Global/Downloads/The_Economic_Benefits_of_Hydrography.pdf</a> |
| Public note | View the paper free of charge at www.rics.org |
| 856 40 - ELECTRONIC LOCATION AND ACCESS | |
| Uniform Resource Identifier | <a href="https://fig.net/resources/proceedings/fig_proceedings/fig2010/ppt/ts08i/ts08i_johnston_ppt_4615.pdf">https://fig.net/resources/proceedings/fig_proceedings/fig2010/ppt/ts08i/ts08i_johnston_ppt_4615.pdf</a> |
| Public note | View the presentation free of charge at www.fig.net |
| 942 ## - ADDED ENTRY ELEMENTS (KOHA) | |
| Suppress in OPAC | 0 |
| Withdrawn status | Lost status | Source of classification or shelving scheme | Damaged status | Not for loan | Home library | Current library | Shelving location | Date acquired | Total Checkouts | Full call number | Barcode | Date last seen | Copy number | Price effective from | Koha item type |
|---|---|---|---|---|---|---|---|---|---|---|---|---|---|---|---|
| Dewey Decimal Classification | Virtual | Virtual | Online | 22/05/2018 | ONLINE PUBLICATION | 160081-2001 | 06/08/2019 | 1 | 06/08/2019 | Book |